01001nam a2200265 a 450000100060000000300080000600500170001400800410003102000320007203500190010404000260012304100080014908200370015711000440019424500910023826000240032930000340035349000250038750000320041265000580044483000330050294200130053599900170054895201700056560252BD-RjUL20211209080823.0161229s2011 bg a|||||||||o0|| 0 eng d a9845089763c: Complimentary a(BD-RjUL)60376 aBD-RjULbengcBD-RjUL aeng 223a630.95492021 bKUS 2011 (ZS) aBangladesh Bureau Of Statistics917926610aCensus of agriculture, 2008 :bZila series, Kushtia /cBangladesh Bureau of Statistics aDhaka:bBBS,c2011. axvi, 300 p. :bill. ;c28 cm. aZila Series, Kushtia aChiefly statistical tables. aAgriculturezBangladeshzKushtiavStatistics.9179335 aZila Series, Kushtia9179336 2ddccRAR c60252d60252 00102ddc40718RAREaRUCLbRUCLcRared2012-03-19eRajshahi, Ancholik Statistics Officel0oRA 630.95492021 KUS 2011(ZS)r2016-12-29 00:00:00tC-1w2021-12-09yRAR